000 00481 a2200157 4500
005 20250613084642.0
020 _a978-82-8062-669-1
082 _a657 MIC
100 _aFJELDSTAD, O
245 _aLifting the Veil of Secrecy: Perspectives on International Taxation and Capital Flight from Africa
260 _aNorway
_bMichelsen Institute
_c2017
300 _a167p.
_bReferences
_c25 cm
700 _aSigrid Klaeboe Jacobsen
700 _aPeter Henrisken Ringstad
942 _2ddc
_cBKS
999 _c3568
_d3568